History Quiz

Random History or Country Quiz

Countries on Crusade Quiz Stats

Quiz Updated Mar 28, 2012

Challenge
Share
Tweet
Embed
Score 0/20 Timer 04:00
2 Plays Today
Crusader Country % Correct
Hubert Walter, Richard of CornwallUnited Kingdom
98.4%
Raymond of St. Gilles, John of BrienneFrance
98.2%
Oliver of Cologne, Emperor Frederick IIGermany
97.4%
Alfonso VIII of Castile, James I of AragonSpain
97.1%
Bohemond of Taranto, Francis of AssisiItaly
96.4%
Afonso the ConquerorPortugal
92.7%
Henry of Sandomierz, King Wladyslaw IIIPoland
89.5%
Duke Leopold VAustria
88.3%
King Sigurd I MagnussonNorway
86.8%
Sweyn KorsfarerDenmark
85.5%
Crusader Country % Correct
Godfrey of Bouillon, Baldwin of MonsBelgium
85.3%
Boidekin van Larne, Bishop Otto van LippeNetherlands
84.4%
Bishop Ortlieb of Basel, Otto of GrandisonSwitzerland
84.2%
Manuel I Comnenos, Bohemond V, Smbad the ConstableTurkey
83.6%
King Andrew IIHungary
75.8%
Balian of Ibelin, John of JaffaIsrael
71.9%
Frederick of Vianden, Count Henry V the BlondLuxembourg
66%
Balian of Sidon, John of BeirutLebanon
65.7%
Mircea the ElderRomania
63.6%
Henry II of Lusignan, Peter I of LusignanCyprus
41.6%

You're not logged in!

Compare scores with friends on all Sporcle quizzes.
Sign Up with Email
OR
Log In

You Might Also Like...

Show Comments

Extras

Top Quizzes Today


Score Distribution

Your Account Isn't Verified!

In order to create a playlist on Sporcle, you need to verify the email address you used during registration. Go to your Sporcle Settings to finish the process.